សៀវភៅមេរៀនការគ្រប់គ្រង និងអភីរក្សធនធាន (Record no. 8703)

000 -LEADER
fixed length control field 00348nam a22001217a 4500
040 ## - CATALOGING SOURCE
Transcribing agency HS
082 ## - DEWEY DECIMAL CLASSIFICATION NUMBER
Classification number 658
100 ## - MAIN ENTRY--AUTHOR NAME
Personal name វុន វ៉ារី
245 ## - TITLE STATEMENT
Title សៀវភៅមេរៀនការគ្រប់គ្រង និងអភីរក្សធនធាន
260 ## - PUBLICATION, DISTRIBUTION, ETC. (IMPRINT)
Place of publication RUA
Name of publisher វុន វ៉ារី
300 ## - PHYSICAL DESCRIPTION
Number of Pages NA
942 ## - ADDED ENTRY ELEMENTS (KOHA)
Koha item type សៀវភៅភាសាខ្មែរ
952 ## - LOCATION AND ITEM INFORMATION (KOHA)
Withdrawn status [LOCAL, KOHA] 0
Holdings
Permanent Location Date acquired Koha item type Lost status Shelving location Barcode Current Location Full call number
Library Block B2016-08-09សៀវភៅភាសាខ្មែរ C252RUA043047Library Block B658 វុន 2011 C252
មជ្ឈមណ្ឌលឯការនៃសាកលវិទ្យាល័យភូមិន្ទកសិកម្មចំការដូង

Powered by Koha